Pediatric emergency care.

Bibliographic Details
Uniform Title:Pediatric emergency care (Online)
Format: Journal
Language:English
Published: Philadelphia, PA : Lippincott Williams & Wilkins
Subjects:
Online Availability: Check for online availability

MARC

Tag First Indicator Second Indicator Subfields
LEADER 00000cas a2200000 a 4500
001 in00004366012
005 20220105171009.0
006 m o d
007 cr cn|||||||||
008 010517c19859999paubr pso 0 a0eng c
010 |a  2001215038 
015 |a GBB578808  |2 bnb 
016 7 |a 015994177  |2 Uk 
019 |a 243598788  |a 466092412  |a 763151387  |a 858839837  |a 1165714941 
022 0 |a 1535-1815  |l 0749-5161  |2 1 
029 1 |a AU@  |b 000045738846 
029 1 |a NZ1  |b 16070878 
029 1 |a NZ1  |b 16233646 
029 1 |a NZ1  |b 6290171 
029 1 |a OCLCS  |b 7589 
029 1 |a OCLCS  |b OP-5910 
029 1 |a UKMGB  |b 015994177 
035 |a (OCoLC)ocm46959257 
035 |a (OCoLC)46959257  |z (OCoLC)243598788  |z (OCoLC)466092412  |z (OCoLC)763151387  |z (OCoLC)858839837  |z (OCoLC)1165714941 
037 |b 16522 Hunters Green Parkway, Hagerstown, MD 21741-2116  |c 159.00 indivi. 256.00 institution, foreign 189.00 indivi., 293.00 institution 
040 |a NSD  |b eng  |c NSD  |d OCLCQ  |d EYM  |d NSD  |d OCLCQ  |d MYG  |d UKMGB  |d OCLCQ  |d OCLCF  |d FFQ  |d VT2  |d OCLCQ  |d BUF  |d WYU  |d LEAUB  |d OCLCE  |d SFB  |d UAB  |d LIP  |d BWN  |d UtOrBLW 
042 |a pcc  |a nsdp 
049 |a TXAM 
050 1 0 |a ISSN RECORD 
050 1 4 |a RJ370  |b .P428 Electronic 
082 1 0 |a 618  |2 13 
130 0 |a Pediatric emergency care (Online) 
210 0 |a Pediatr. emer. care  |b (Online) 
222 0 |a Pediatric emergency care  |b (Online) 
245 1 0 |a Pediatric emergency care. 
264 1 |a Philadelphia, PA :  |b Lippincott Williams & Wilkins 
310 |a Bimonthly 
336 |a text  |b txt  |2 rdacontent 
337 |a computer  |b c  |2 rdamedia 
338 |a online resource  |b cr  |2 rdacarrier 
362 1 |a Print began with vol. 1, no. 1 (Mar. 1985). 
530 |a Also issued in print. 
588 |a Description based on: Vol. 17, no. 1 (Feb. 2001); title from homepage (viewed July 23, 2002). 
588 |a Latest issue consulted: Vol. 18, no. 3 (June 2002). 
500 |a Electronic resource. 
650 0 |a Pediatric emergencies  |v Periodicals. 
650 7 |a Pediatric emergencies.  |2 fast  |0 (OCoLC)fst01056420 
650 2 |a Emergency Medicine.  |0 https://id.nlm.nih.gov/mesh/D004635 
655 2 |a Periodical.  |0 https://id.nlm.nih.gov/mesh/D020492 
650 1 7 |a Spoedgevallen.  |2 gtt 
650 1 7 |a Eerste hulp.  |2 gtt 
650 1 7 |a Kinderziekten.  |2 gtt 
653 |a Pediatrics 
655 7 |a Periodicals.  |2 fast  |0 (OCoLC)fst01411641 
655 0 |a Electronic journals. 
776 1 |t Pediatric emergency care  |x 0749-5161  |w (DLC)sn 84007153  |w (OCoLC)11136192 
994 |a C0  |b TXA 
999 f f |s af36755e-8f9e-3374-8102-3fe58cc272d8  |i a6d3b77a-2e0d-3a26-9b61-c9ad07e7037f  |t 0 
952 f f |a Texas A&M University  |b College Station  |c Electronic Resources  |d Available Online  |t 0  |e RJ370 .P428  |g Electronic  |h Library of Congress classification 
998 f f |a RJ370 .P428  |t 0  |l Available Online